000 00640nam a2200229Ia 4500
003 OSt
005 20240822113733.0
006 a|||||r|||| 00| 0
007 ta
008 220927b |||||||| |||| 00| 0 eng d
024 _a52075
037 _cTextual
040 _aSDCL
_cSDCL
_bhin
041 _2hin
_ahin
082 _aO152,3M98,13, N8
100 _aVandhopadhayaya Tara Shankar
_9397447
245 0 _aMahamari tatha anya kahaniyan.
260 _aDelhi
_bSanskriti Sahitya
_c1998
300 _a151p.
_ccm.
942 _hO152,3M98,13, N8
_cTEXL
_2CC
999 _c713237
_d713237